Statistics for Asian Countries on Population/Area Chart

Click here to take the quiz!

General Stats

  • This quiz has been taken 19 times
  • The average score is 15 of 30

Answers on the Map

Answers color-coded by a green-red scale on the quiz's map according to % correct below.
 

Answer Stats

Answer% Correct
China
100%
India
100%
Indonesia
93%
Pakistan
93%
Kazakhstan
80%
Mongolia
73%
Bangladesh
67%
Japan
67%
Singapore
67%
Timor-Leste
67%
Vietnam
67%
Maldives
60%
Bhutan
53%
Philippines
53%
South Korea
47%
Thailand
47%
Myanmar
40%
North Korea
40%
Taiwan
40%
Turkmenistan
40%
Brunei
33%
Sri Lanka
33%
Uzbekistan
33%
Malaysia
27%
Afghanistan
20%
Cambodia
20%
Laos
20%
Nepal
20%
Kyrgyzstan
13%
Tajikistan
13%

Score Distribution

Percentile by Number Answered

Percent of People with Each Score

Your Score History

You have not taken this quiz